000 00948nam a2200241 i 4500
001 26514
003 ES-MaACL
005 20230906153444.0
007 t|
008 030109s1980 sp a |||| |dspa d
080 _a72"18/19":061.43(464.1 M.)"1980"
080 _a62"18/19":061.43(464.1 M.)"1980"
245 0 0 _aArquitecturas de ingenieros
_b: siglos XIX y XX, Madrid, febrero 1980 : Exposición itinerante, Centre de Création Industrielle.
260 _aMadrid :
_bDirección General del Patrimonio Artístico, Archivos y Museos,
_c1980.
300 _a80 p. :
_bil. ;
_c25 cm.
650 4 _aArquitectura-
_yS.XIX-
_vExposiciones.
_9148119
650 4 _aArquitectura-
_yS.XX-
_vExposiciones.
_9148120
655 7 _2tgfbne
_9193628
_aCatálogos de exposiciones
710 1 _aEspaña.
_bDirección General del Patrimonio Artístico, Archivos y Museos.
_93789
852 _aES-MaACL
_jL-3796
942 _2udc
999 _c26514
_d26514